| 000 | 01142cam a2200241 4500 | ||
|---|---|---|---|
| 001 | ABS66356 | ||
| 008 | 030207n2003 000 0 eng u | ||
| 035 | _a(Sirsi) u121275 | ||
| 100 | _aNickalls, S. | ||
| 245 | _aIs there anybody there? | ||
| 260 | _c2003 | ||
| 490 |
_aRoof _vJanuary/February 2003, 26-27(2) |
||
| 520 | _aLooks at the problems caused to Scottish planners and housing officials by inaccurate 1991 census population estimates which have been recently corrected. Examines the trends in Scotland's population indicated by the 2001 census: a slow decline in the population as a whole with an overall increase in the number of households and elderly people, and a population drift from the west coast to the east coast. Highlights the lack of a nationwide planning view in Scotland which is being rectified by the current formulation of a national spatial framework. | ||
| 590 | _aABS | ||
| 650 | _aSCOTLAND | ||
| 650 | _aPOPULATION ESTIMATES | ||
| 650 | _aUK CENSUS 1991 | ||
| 650 | _aCENSUS 2001 | ||
| 650 | _aPLANNING FRAMEWORK | ||
| 650 | _aHOUSING NEEDS | ||
| 690 |
_aAffordable housing _96215 |
||
| 942 | _n0 | ||
| 999 |
_c72078 _d72078 |
||